Statistics for Japan Cup Winning Horse

Click here to take the quiz!

General Stats

  • This quiz has been taken 9 times
    (7 since last reset)
  • The average score is 12 of 41

Answer Stats

Answer% Correct
Kitasan Black キタサンブラック
100%
Tokai Teio トウカイテイオー
100%
Almond Eye アーモンドアイ
75%
El Condor Pasa エルコンドルパサー
75%
Equinox イクイノックス
75%
Special Week スペシャルウィーク
75%
Vodka ウオッカ
75%
Cheval Grand シュヴァルグラン
50%
Contrail コントレイル
50%
Gentildonna ジェンティルドンナ
50%
Horlicks ホーリックス
50%
Katsuragi Ace カツラギエース
50%
Screen Hero スクリーンヒーロー
50%
Symboli Rudolf シンボリルドルフ
50%
T M Opera O テイエムオペラオー
50%
Vela Azul ヴェラアズール
50%
Admire Moon アドマイヤムーン
25%
Jungle Pocket ジャングルポケット
25%
Legacy World レガシーワールド
25%
Pilsudski ピルサドスキー
25%
Rose Kingdom ローズキングダム
25%
Suave Richard スワーヴリチャード
25%
Tap Dance City タップダンスシチー
25%
Zenno Rob Roy ゼンノロブロイ
25%
Alkaased アルカセット
0%
Better Loosen Up ベタールースンアップ
0%
Buena Vista ブエナビスタ
0%
Deep Imapct ディープインパクト
0%
Epiphaneia エピファネイア
0%
Falbrav ファルブラヴ
0%
Golden Phesant ゴールデンフェザント
0%
Half Iced ハーフアイスト
0%
Jupiter Island ジュピターアイランド
0%
Lando ランド
0%
Le Glorieuc ルグロリュー
0%
Mairzy Doates メアジードーツ
0%
Marvelous Crown マーベラスクラウン
0%
Pay the Butler ペイザバトラー
0%
Shonan Pandora ショウナンパンドラ
0%
Singspiel シングスピール
0%
Stanerra スタネーラ
0%

Score Distribution

Percentile by Number Answered

Percent of People with Each Score

Your Score History

You have not taken this quiz since the last reset